[Event "Bundesliga 9596"]
[Site "Deutschland"]
[Date "1995.??.??"]
[Round "?.8"]
[White "Podzielny, Karl Heinz"]
[Black "Andresen, Steffen"]
[Result "1/2-1/2"]
[WhiteElo "2460"]
[BlackElo "2385"]
[PlyCount "91"]
[EventDate "1995.10.??"]
[EventType "team"]
[EventRounds "15"]
[EventCountry "GER"]
[SourceTitle "Bundesliga 9596"]
[Source "DeepChess"]
[SourceDate "2005.01.01"]
[SourceVersion "1"]
[SourceVersionDate "2005.01.01"]
[SourceQuality "1"]
[WhiteTeam "SG 1868 Aljech. Solingen"]
[BlackTeam "Dresdner SC 1898"]
[WhiteTeamCountry "GER"]
[BlackTeamCountry "GER"]

1. Nf3 Nf6 2. c4 b6 3. g3 Bb7 4. Bg2 e6 5. O-O Be7 6. d4 O-O 7. d5 exd5 8. Nh4
c6 9. cxd5 Nxd5 10. Nf5 Bc5 11. e4 Ne7 12. Nxg7 Kxg7 13. b4 Ba6 14. Re1 Bxf2+
15. Kxf2 Ng6 16. Bb2+ f6 17. Kg1 d6 18. Nc3 Nd7 19. a4 Bc4 20. Qc2 Nde5 21. Nd1
d5 22. Ne3 Bd3 23. Nf5+ Kh8 24. Qb3 Bxe4 25. Bxe4 dxe4 26. Rxe4 Qd3 27. Qxd3
Nxd3 28. Bc3 Nge5 29. Kg2 Rad8 30. Rf1 Rfe8 31. Ne3 Kg7 32. Rh4 Re6 33. Nf5+
Kg8 34. Nh6+ Kf8 35. Re4 Rde8 36. g4 Kg7 37. Nf5+ Kg6 38. Ng3 Nd7 39. Rd4 N3e5
40. Nh5 Kf7 41. Nf4 R6e7 42. Nh5 Rg8 43. h3 Re6 44. Nf4 Ree8 45. Nh5 Re6 46.
Nf4 1/2-1/2

[Event "Bundesliga 9596"]
[Site "Deutschland"]
[Date "1996.??.??"]
[Round "?.2"]
[White "Teske, Henrik"]
[Black "Piskov, Yury"]
[Result "1/2-1/2"]
[WhiteElo "2510"]
[BlackElo "2520"]
[PlyCount "35"]
[EventDate "1995.10.??"]
[EventType "team"]
[EventRounds "15"]
[EventCountry "GER"]
[SourceTitle "Bundesliga 9596"]
[Source "DeepChess"]
[SourceDate "2005.01.01"]
[SourceVersion "1"]
[SourceVersionDate "2005.01.01"]
[SourceQuality "1"]
[WhiteTeam "Dresdner SC 1898"]
[BlackTeam "SG Bochum 31"]
[WhiteTeamCountry "GER"]
[BlackTeamCountry "GER"]

1. d4 d5 2. Nf3 Nf6 3. c4 e6 4. g3 Bb4+ 5. Bd2 Be7 6. Bg2 O-O 7. O-O c6 8. Qc2
b6 9. b3 Nbd7 10. Nc3 Ba6 11. cxd5 cxd5 12. a4 Rc8 13. Qb2 Bb7 14. Rfc1 a6 15.
Rc2 Bd6 16. Bf4 Qe7 17. Bxd6 Qxd6 18. Rac1 1/2-1/2

[Event "Bundesliga 9596"]
[Site "Deutschland"]
[Date "1996.??.??"]
[Round "?.3"]
[White "Schmittdiel, Eckhard"]
[Black "Lanka, Zigurds"]
[Result "0-1"]
[WhiteElo "2430"]
[BlackElo "2510"]
[PlyCount "78"]
[EventDate "1995.10.??"]
[EventType "team"]
[EventRounds "15"]
[EventCountry "GER"]
[SourceTitle "Bundesliga 9596"]
[Source "DeepChess"]
[SourceDate "2005.01.01"]
[SourceVersion "1"]
[SourceVersionDate "2005.01.01"]
[SourceQuality "1"]
[WhiteTeam "SG Bochum 31"]
[BlackTeam "Dresdner SC 1898"]
[WhiteTeamCountry "GER"]
[BlackTeamCountry "GER"]

1. e4 c5 2. c3 Nf6 3. e5 Nd5 4. Nf3 Nc6 5. g3 g6 6. Bg2 Bg7 7. O-O O-O 8. d4
cxd4 9. Nxd4 e6 10. Nxc6 bxc6 11. Qe2 Qa5 12. Re1 Ba6 13. Qc2 Qc7 14. Qa4 Bd3
15. Qd4 Bf5 16. Na3 h5 17. Nc4 f6 18. h3 fxe5 19. Qd1 Nb6 20. Ne3 d5 21. g4 e4
22. gxf5 exf5 23. f4 Rad8 24. Qb3 Kh7 25. a4 Qxf4 26. a5 Qh4 27. Rf1 Nd7 28.
Bd2 f4 29. Qb7 Qg3 30. Qxa7 d4 31. Be1 Qg5 32. h4 Qb5 33. cxd4 Qxb2 34. Rd1
fxe3 35. Rxf8 Nxf8 36. Bxe4 Qe2 37. Rb1 Rxd4 38. Bc3 Rd7 39. Qc5 Qf2+ 0-1

[Event "Bundesliga 9596"]
[Site "Deutschland"]
[Date "1996.??.??"]
[Round "?.4"]
[White "Uhlmann, Wolfgang"]
[Black "Sonntag, Hans Hubert"]
[Result "1/2-1/2"]
[WhiteElo "2460"]
[BlackElo "2405"]
[PlyCount "85"]
[EventDate "1995.10.??"]
[EventType "team"]
[EventRounds "15"]
[EventCountry "GER"]
[SourceTitle "Bundesliga 9596"]
[Source "DeepChess"]
[SourceDate "2005.01.01"]
[SourceVersion "1"]
[SourceVersionDate "2005.01.01"]
[SourceQuality "1"]
[WhiteTeam "Dresdner SC 1898"]
[BlackTeam "SG Bochum 31"]
[WhiteTeamCountry "GER"]
[BlackTeamCountry "GER"]

1. c4 e6 2. Nc3 d5 3. d4 Be7 4. cxd5 exd5 5. Nf3 c6 6. Bf4 Bd6 7. Bg3 Ne7 8. e3
Nf5 9. Bd3 Nxg3 10. hxg3 h6 11. O-O O-O 12. e4 dxe4 13. Bxe4 Nd7 14. Bc2 Re8
15. Qd3 Nf8 16. d5 c5 17. Rfe1 Rxe1+ 18. Rxe1 a6 19. a4 Bd7 20. Nd2 Qc7 21. Nc4
b5 22. Nxd6 Qxd6 23. axb5 axb5 24. Nxb5 Qb6 25. Na3 Qxb2 26. Nc4 Qf6 27. Ne5
Qd6 28. Qf3 Be8 29. Nc4 Qa6 30. Bd3 Rd8 31. d6 Bc6 32. Qf4 Bd5 33. Re7 Qa1+ 34.
Kh2 Qf6 35. Ra7 Qd4 36. Qxd4 cxd4 37. Nb6 Rxd6 38. Nc8 Rd8 39. Ne7+ Kh8 40.
Nxd5 Rxd5 41. Rxf7 Rd8 42. Re7 Nd7 43. Bf5 1/2-1/2

[Event "Bundesliga 9596"]
[Site "Deutschland"]
[Date "1996.??.??"]
[Round "?.5"]
[White "Reschke, Stefan"]
[Black "Maiwald, Jens Uwe"]
[Result "1/2-1/2"]
[WhiteElo "2385"]
[BlackElo "2455"]
[PlyCount "105"]
[EventDate "1995.10.??"]
[EventType "team"]
[EventRounds "15"]
[EventCountry "GER"]
[SourceTitle "Bundesliga 9596"]
[Source "DeepChess"]
[SourceDate "2005.01.01"]
[SourceVersion "1"]
[SourceVersionDate "2005.01.01"]
[SourceQuality "1"]
[WhiteTeam "SG Bochum 31"]
[BlackTeam "Dresdner SC 1898"]
[WhiteTeamCountry "GER"]
[BlackTeamCountry "GER"]

1. d4 Nf6 2. c4 c5 3. Nf3 cxd4 4. Nxd4 b6 5. Nc3 Bb7 6. Bf4 d6 7. Bg3 g6 8. f3
Bg7 9. e4 O-O 10. Be2 Nh5 11. Bf2 Nf4 12. O-O Nc6 13. Nxc6 Bxc6 14. Bd4 Bxd4+
15. Qxd4 e5 16. Qf2 Qg5 17. Kh1 f5 18. exf5 gxf5 19. Qg3 h6 20. Rfd1 Rf6 21.
Rd2 Kf7 22. Rad1 Ke7 23. Qxg5 hxg5 24. Bf1 Rc8 25. Kg1 Rg6 26. Kf2 Rh8 27. h3
g4 28. hxg4 fxg4 29. fxg4 Rh1 30. Bd3 Rxd1 31. Nxd1 Rxg4 32. Ne3 Rg5 33. Bc2
Bd7 34. Be4 Rh5 35. Rd1 Be6 36. b4 Rh4 37. Kg3 Rh8 38. Kf2 Rh4 39. Bf3 Rh8 40.
Be4 Rf8 41. Ke1 Rc8 42. a3 b5 43. g3 Nh5 44. cxb5 Rc3 45. Rd3 Rxd3 46. Bxd3
Nxg3 47. Bc4 Ne4 48. Bxe6 Kxe6 49. Nc4 d5 50. b6 axb6 51. Nxb6 Kd6 52. a4 Kc6
53. a5 1/2-1/2

[Event "Bundesliga 9596"]
[Site "Deutschland"]
[Date "1996.??.??"]
[Round "?.6"]
[White "Borriss, Martin"]
[Black "Kassebaum, Roman"]
[Result "1-0"]
[WhiteElo "2405"]
[BlackElo "2360"]
[PlyCount "57"]
[EventDate "1995.10.??"]
[EventType "team"]
[EventRounds "15"]
[EventCountry "GER"]
[SourceTitle "Bundesliga 9596"]
[Source "DeepChess"]
[SourceDate "2005.01.01"]
[SourceVersion "1"]
[SourceVersionDate "2005.01.01"]
[SourceQuality "1"]
[WhiteTeam "Dresdner SC 1898"]
[BlackTeam "SG Bochum 31"]
[WhiteTeamCountry "GER"]
[BlackTeamCountry "GER"]

1. e4 d5 2. exd5 Qxd5 3. Nc3 Qa5 4. d4 Nf6 5. Bc4 c6 6. Bd2 Bf5 7. Nd5 Qd8 8.
Nxf6+ gxf6 9. Nf3 e6 10. c3 Qc7 11. Nh4 Bg6 12. Qf3 Nd7 13. Qh3 Bg7 14. O-O
O-O-O 15. Rfe1 Nb6 16. Bf1 Nd5 17. c4 Nf4 18. Qa3 Bh6 19. Be3 Rhg8 20. g3 Bh5
21. Qxa7 Bg5 22. Bxf4 Bxf4 23. Be2 Bxg3 24. hxg3 Rxg3+ 25. fxg3 Qxg3+ 26. Ng2
Rg8 27. Bf1 Bf3 28. Re3 h5 29. Rxf3 1-0

[Event "Bundesliga 9596"]
[Site "Deutschland"]
[Date "1996.??.??"]
[Round "?.7"]
[White "Ellers, Holger"]
[Black "Goldberg, Alexander"]
[Result "1-0"]
[WhiteElo "2310"]
[BlackElo "2405"]
[PlyCount "79"]
[EventDate "1995.10.??"]
[EventType "team"]
[EventRounds "15"]
[EventCountry "GER"]
[SourceTitle "Bundesliga 9596"]
[Source "DeepChess"]
[SourceDate "2005.01.01"]
[SourceVersion "1"]
[SourceVersionDate "2005.01.01"]
[SourceQuality "1"]
[WhiteTeam "SG Bochum 31"]
[BlackTeam "Dresdner SC 1898"]
[WhiteTeamCountry "GER"]
[BlackTeamCountry "GER"]

1. d4 Nf6 2. c4 e6 3. Nf3 b6 4. g3 Bb7 5. Bg2 Be7 6. Nc3 Ne4 7. Bd2 Bf6 8. Qc2
Nd6 9. c5 Nf5 10. e3 bxc5 11. dxc5 Nc6 12. O-O O-O 13. Rfd1 Rb8 14. Ne4 Be7 15.
b4 Ba6 16. a3 Nh6 17. Bc3 f5 18. Ned2 Ng4 19. Nb3 Bf6 20. Nbd4 Nxd4 21. Nxd4
Qe7 22. Qa4 Bxd4 23. Rxd4 Bb5 24. Qxa7 e5 25. Rd2 f4 26. exf4 exf4 27. Qxc7
Rbe8 28. Bd5+ Kh8 29. Rb2 Qg5 30. Qd6 Nxh2 31. Kxh2 Qh5+ 32. Kg1 f3 33. Re1 Be2
34. Rbxe2 fxe2 35. Bg2 Qf5 36. Qd4 Rf7 37. f4 Qg4 38. Kf2 h5 39. Rh1 Kh7 40.
Qd3+ 1-0

[Event "Bundesliga 9596"]
[Site "Deutschland"]
[Date "1996.??.??"]
[Round "?.8"]
[White "Andresen, Steffen"]
[Black "Kitte, Sebastian"]
[Result "1-0"]
[WhiteElo "2350"]
[BlackElo "2265"]
[PlyCount "89"]
[EventDate "1995.10.??"]
[EventType "team"]
[EventRounds "15"]
[EventCountry "GER"]
[SourceTitle "Bundesliga 9596"]
[Source "DeepChess"]
[SourceDate "2005.01.01"]
[SourceVersion "1"]
[SourceVersionDate "2005.01.01"]
[SourceQuality "1"]
[WhiteTeam "Dresdner SC 1898"]
[BlackTeam "SG Bochum 31"]
[WhiteTeamCountry "GER"]
[BlackTeamCountry "GER"]

1. c4 e5 2. Nc3 Nc6 3. g3 g6 4. Bg2 Bg7 5. Rb1 d6 6. b4 a6 7. e3 f5 8. d3 Nf6
9. Nge2 O-O 10. O-O Ne7 11. f4 exf4 12. gxf4 d5 13. c5 Re8 14. Nd4 Nc6 15. Nce2
Ng4 16. Qb3 Nxd4 17. Nxd4 Nxe3 18. Bxe3 Rxe3 19. Qxd5+ Qxd5 20. Bxd5+ Kf8 21.
Nf3 c6 22. Bc4 Bd7 23. Kf2 Re7 24. Rfe1 Rae8 25. Rxe7 Kxe7 26. a4 Kd8 27. Rb3
Kc7 28. b5 axb5 29. axb5 cxb5 30. Bxb5 Bxb5 31. Rxb5 Re7 32. Rb6 Re8 33. Rb3
Re7 34. h3 Kc6 35. d4 Kd5 36. Rb4 Re4 37. Rxb7 Bxd4+ 38. Nxd4 Rxd4 39. Kg3 Kxc5
40. Rxh7 Kd5 41. Rd7+ Ke4 42. Rxd4+ Kxd4 43. Kh4 Ke4 44. Kg5 Kf3 45. h4 1-0

[Event "Bundesliga 9596"]
[Site "Deutschland"]
[Date "1996.??.??"]
[Round "?.3"]
[White "Uhlmann, Wolfgang"]
[Black "Christiansen, Larry Mark"]
[Result "1/2-1/2"]
[WhiteElo "2460"]
[BlackElo "2580"]
[PlyCount "130"]
[EventDate "1995.10.??"]
[EventType "team"]
[EventRounds "15"]
[EventCountry "GER"]
[SourceTitle "Bundesliga 9596"]
[Source "DeepChess"]
[SourceDate "2005.01.01"]
[SourceVersion "1"]
[SourceVersionDate "2005.01.01"]
[SourceQuality "1"]
[WhiteTeam "Dresdner SC 1898"]
[BlackTeam "SG Porz e.V."]
[WhiteTeamCountry "GER"]
[BlackTeamCountry "GER"]

1. c4 e5 2. Nc3 Nf6 3. Nf3 Nc6 4. g3 Bc5 5. Bg2 d6 6. O-O O-O 7. e3 a6 8. d4
Ba7 9. h3 h6 10. b3 exd4 11. Nxd4 Nxd4 12. exd4 Re8 13. Qd3 Bd7 14. Bd2 c6 15.
Rfe1 Qb6 16. Be3 Qa5 17. Bf4 Bf5 18. Qd2 Qb6 19. g4 Bg6 20. d5 c5 21. Bg3 Qc7
22. Rxe8+ Rxe8 23. Re1 Rxe1+ 24. Qxe1 Bb6 25. Qe3 Ba5 26. Ne2 Kf8 27. Qf4 Ne8
28. Be4 Bxe4 29. Qxe4 Qe7 30. Qf3 Nf6 31. Bf4 Ne4 32. Ng3 Nxg3 33. Bxg3 Ke8 34.
h4 Kd8 35. a3 b5 36. Qf4 Kc7 37. cxb5 axb5 38. a4 g5 39. hxg5 hxg5 40. Qc1 Kb6
41. axb5 Kxb5 42. Qc4+ Kb6 43. Qa4 Qb7 44. Qe4 Qd7 45. Kg2 Bc3 46. f3 Bd4 47.
b4 Qd8 48. bxc5+ Kxc5 49. Qc2+ Kxd5 50. Qb3+ Kc6 51. Qxf7 d5 52. Qg6+ Kb7 53.
Bd6 Bf6 54. Bc5 Be5 55. Be3 Bf6 56. Qb1+ Kc6 57. Qc2+ Kd6 58. Bc5+ Kd7 59. Qa4+
Ke6 60. Qc6+ Kf7 61. Bb6 Qe7 62. Qxd5+ Qe6 63. Qb5 Qa2+ 64. Kh3 Qa1 65. Kg2
Qb2+ 1/2-1/2

[Event "Bundesliga 9596"]
[Site "Deutschland"]
[Date "1996.??.??"]
[Round "?.5"]
[White "Andresen, Steffen"]
[Black "Stangl, Markus"]
[Result "1/2-1/2"]
[WhiteElo "2350"]
[BlackElo "2565"]
[PlyCount "70"]
[EventDate "1995.10.??"]
[EventType "team"]
[EventRounds "15"]
[EventCountry "GER"]
[SourceTitle "Bundesliga 9596"]
[Source "DeepChess"]
[SourceDate "2005.01.01"]
[SourceVersion "1"]
[SourceVersionDate "2005.01.01"]
[SourceQuality "1"]
[WhiteTeam "Dresdner SC 1898"]
[BlackTeam "SG Porz e.V."]
[WhiteTeamCountry "GER"]
[BlackTeamCountry "GER"]

1. c4 e6 2. Nc3 d5 3. d4 c6 4. cxd5 exd5 5. Nf3 Bf5 6. Bf4 Bd6 7. Bxd6 Qxd6 8.
Qb3 Nd7 9. Nh4 Ne7 10. Qxb7 Rb8 11. Qxa7 Rxb2 12. Qa8+ Rb8 13. Qa4 Nb6 14. Qd1
Qb4 15. Rc1 Ra8 16. e3 Rxa2 17. Nxf5 Nxf5 18. Bd3 Na4 19. O-O Nxc3 20. Qe1 Ra3
21. Bxf5 O-O 22. Qd2 g6 23. Bd3 Rb3 24. Rc2 Ra8 25. Rfc1 Raa3 26. Bf1 Kg7 27.
g3 h5 28. h4 Qa5 29. Kg2 c5 30. dxc5 Qxc5 31. Kg1 Qb4 32. Kh2 Kg8 33. Bg2 Qc5
34. Rb2 Qb4 35. Rbc2 Qc5 1/2-1/2

[Event "Bundesliga 9596"]
[Site "Deutschland"]
[Date "1996.??.??"]
[Round "?.6"]
[White "Hickl, Joerg"]
[Black "Heinatz, Thomas"]
[Result "1-0"]
[WhiteElo "2580"]
[BlackElo "2365"]
[PlyCount "61"]
[EventDate "1995.10.??"]
[EventType "team"]
[EventRounds "15"]
[EventCountry "GER"]
[SourceTitle "Bundesliga 9596"]
[Source "DeepChess"]
[SourceDate "2005.01.01"]
[SourceVersion "1"]
[SourceVersionDate "2005.01.01"]
[SourceQuality "1"]
[WhiteTeam "SG Porz e.V."]
[BlackTeam "Dresdner SC 1898"]
[WhiteTeamCountry "GER"]
[BlackTeamCountry "GER"]

1. g3 c5 2. Bg2 g6 3. c4 Bg7 4. Nc3 Nc6 5. a3 Nf6 6. Rb1 d6 7. b4 Bf5 8. d3 Qc8
9. h3 O-O 10. e3 h5 11. Nge2 e5 12. f4 Re8 13. b5 Ne7 14. e4 Be6 15. Be3 Nh7
16. Qd2 Rb8 17. a4 b6 18. a5 Qd7 19. Ra1 f5 20. axb6 axb6 21. Ra4 Rbd8 22. Qa2
fxe4 23. Ra7 Qc8 24. dxe4 Qb8 25. O-O Nc8 26. Ra8 Qc7 27. f5 Bf7 28. fxg6 Bxg6
29. Nd5 Qb7 30. Qa6 Qd7 31. Rb8 1-0

[Event "Bundesliga 9596"]
[Site "Deutschland"]
[Date "1996.??.??"]
[Round "?.8"]
[White "Mainka, Romuald"]
[Black "Jordan, Dirk"]
[Result "1-0"]
[WhiteElo "2495"]
[BlackElo "2183"]
[PlyCount "70"]
[EventDate "1995.10.??"]
[EventType "team"]
[EventRounds "15"]
[EventCountry "GER"]
[SourceTitle "Bundesliga 9596"]
[Source "DeepChess"]
[SourceDate "2005.01.01"]
[SourceVersion "1"]
[SourceVersionDate "2005.01.01"]
[SourceQuality "1"]
[WhiteTeam "SG Porz e.V."]
[BlackTeam "Dresdner SC 1898"]
[WhiteTeamCountry "GER"]
[BlackTeamCountry "GER"]

1. e4 c6 2. d4 d5 3. e5 Bf5 4. Nf3 e6 5. Be2 h6 6. O-O Nd7 7. b3 Ne7 8. Re1 a6
9. Nbd2 Ng6 10. Nf1 Bb4 11. Bd2 Qa5 12. Ne3 Ne7 13. Bxb4 Qxb4 14. a3 Qb6 15. c4
Bh7 16. Bd3 Bxd3 17. Qxd3 O-O 18. g3 Rfd8 19. c5 Qc7 20. Nh4 b6 21. b4 Ra7 22.
f4 a5 23. f5 axb4 24. axb4 Rda8 25. Rad1 Ra3 26. Qe2 bxc5 27. bxc5 exf5 28.
Nexf5 Nf8 29. Qg4 Nxf5 30. Nxf5 Ne6 31. Nxh6+ Kf8 32. Rf1 Nd8 33. Nf5 g6 34.
Nd6 Kg8 35. Ne8 Ne6 1-0

[Event "Bundesliga 9596"]
[Site "Deutschland"]
[Date "1995.??.??"]
[Round "?.3"]
[White "Schlosser, Philipp"]
[Black "Lanka, Zigurds"]
[Result "1-0"]
[WhiteElo "2500"]
[BlackElo "2480"]
[PlyCount "87"]
[EventDate "1995.10.??"]
[EventType "team"]
[EventRounds "15"]
[EventCountry "GER"]
[SourceTitle "Bundesliga 9596"]
[Source "DeepChess"]
[SourceDate "2005.01.01"]
[SourceVersion "1"]
[SourceVersionDate "2005.01.01"]
[SourceQuality "1"]
[WhiteTeam "SK Passau 1869"]
[BlackTeam "Dresdner SC 1898"]
[WhiteTeamCountry "GER"]
[BlackTeamCountry "GER"]

1. Nf3 Nf6 2. d4 g6 3. g3 Bg7 4. Bg2 O-O 5. O-O d6 6. b3 c5 7. c4 Nc6 8. Bb2
cxd4 9. Nxd4 Bd7 10. Nc3 Qa5 11. e3 a6 12. a3 Rfc8 13. Rc1 Rab8 14. Qe2 Bg4 15.
Qd2 Nxd4 16. exd4 Qh5 17. Rce1 Bh6 18. f4 Re8 19. a4 Bg7 20. d5 Qf5 21. Re3 h5
22. Rfe1 Qd7 23. a5 h4 24. Na4 h3 25. Bf1 Nh5 26. Nb6 Qc7 27. b4 Bxb2 28. Qxb2
Nf6 29. Qd4 Bf5 30. Bd3 Bxd3 31. Qxd3 Qd8 32. Qe2 Nd7 33. Rxe7 Rxe7 34. Qxe7
Nxb6 35. Qxd8+ Rxd8 36. axb6 Rc8 37. Rc1 Kg7 38. Kf2 Kf6 39. Kf3 Ke7 40. c5 Kd7
41. Kg4 Re8 42. c6+ Kc8 43. Ra1 Kb8 44. b5 1-0

[Event "Bundesliga 9596"]
[Site "Deutschland"]
[Date "1995.??.??"]
[Round "?.4"]
[White "Uhlmann, Wolfgang"]
[Black "Schmidt, Peter"]
[Result "1/2-1/2"]
[WhiteElo "2490"]
[BlackElo "2405"]
[PlyCount "50"]
[EventDate "1995.10.??"]
[EventType "team"]
[EventRounds "15"]
[EventCountry "GER"]
[SourceTitle "Bundesliga 9596"]
[Source "DeepChess"]
[SourceDate "2005.01.01"]
[SourceVersion "1"]
[SourceVersionDate "2005.01.01"]
[SourceQuality "1"]
[WhiteTeam "Dresdner SC 1898"]
[BlackTeam "SK Passau 1869"]
[WhiteTeamCountry "GER"]
[BlackTeamCountry "GER"]

1. c4 c5 2. Nf3 g6 3. d4 cxd4 4. Nxd4 Bg7 5. e4 Nc6 6. Be3 Nf6 7. Nc3 d6 8. Be2
O-O 9. O-O Bd7 10. Rc1 Nxd4 11. Bxd4 Bc6 12. f3 a5 13. b3 Nd7 14. Be3 Nc5 15.
Qe1 Qb6 16. Nd5 Bxd5 17. cxd5 Qb4 18. Qf2 a4 19. Rc4 Qa3 20. b4 b5 21. Rc2 Qxb4
22. Bd2 Qd4 23. Be3 Qb4 24. Bd2 Qd4 25. Be3 Qb4 1/2-1/2

[Event "Bundesliga 9596"]
[Site "Deutschland"]
[Date "1995.??.??"]
[Round "?.5"]
[White "Baumhus, Reinhard"]
[Black "Maiwald, Jens Uwe"]
[Result "0-1"]
[WhiteElo "2360"]
[BlackElo "2485"]
[PlyCount "74"]
[EventDate "1995.10.??"]
[EventType "team"]
[EventRounds "15"]
[EventCountry "GER"]
[SourceTitle "Bundesliga 9596"]
[Source "DeepChess"]
[SourceDate "2005.01.01"]
[SourceVersion "1"]
[SourceVersionDate "2005.01.01"]
[SourceQuality "1"]
[WhiteTeam "SK Passau 1869"]
[BlackTeam "Dresdner SC 1898"]
[WhiteTeamCountry "GER"]
[BlackTeamCountry "GER"]

1. e4 c5 2. Nc3 e6 3. Nge2 Nc6 4. g3 d6 5. Bg2 Be7 6. O-O Bf6 7. d3 Nge7 8. Be3
Nd4 9. Rb1 h5 10. h3 Nec6 11. a3 a5 12. Qd2 Bd7 13. Nc1 g5 14. f4 gxf4 15. gxf4
Rg8 16. Kh1 Ne7 17. e5 dxe5 18. Ne4 Nef5 19. c3 Nxe3 20. Qxe3 Nf5 21. Qxc5 Rc8
22. Qf2 Bh4 23. Qf3 exf4 24. Ne2 e5 25. d4 Rxg2 26. Kxg2 Bc6 27. Kh2 Bg3+ 28.
Kg1 Ke7 29. dxe5 Qb6+ 30. Kh1 Nh4 31. Qd3 Rd8 32. Nd4 Bd5 33. Rfe1 Bxe1 34.
Rxe1 Qg6 35. Qe2 Qg3 36. Qf1 Qg6 37. Qe2 Nf5 0-1

[Event "Bundesliga 9596"]
[Site "Deutschland"]
[Date "1995.??.??"]
[Round "?.6"]
[White "Goldberg, Alexander"]
[Black "Goetz, Ralph"]
[Result "1-0"]
[WhiteElo "2400"]
[BlackElo "2335"]
[PlyCount "93"]
[EventDate "1995.10.??"]
[EventType "team"]
[EventRounds "15"]
[EventCountry "GER"]
[SourceTitle "Bundesliga 9596"]
[Source "DeepChess"]
[SourceDate "2005.01.01"]
[SourceVersion "1"]
[SourceVersionDate "2005.01.01"]
[SourceQuality "1"]
[WhiteTeam "Dresdner SC 1898"]
[BlackTeam "SK Passau 1869"]
[WhiteTeamCountry "GER"]
[BlackTeamCountry "GER"]

1. e4 c5 2. Nf3 Nc6 3. d4 cxd4 4. Nxd4 Nf6 5. Nc3 e5 6. Ndb5 d6 7. Bg5 a6 8.
Na3 b5 9. Nd5 Be7 10. Bxf6 Bxf6 11. c3 O-O 12. Nc2 Bg5 13. a4 bxa4 14. Rxa4 Bb7
15. Bc4 Nb8 16. O-O Nd7 17. Qe2 Nc5 18. Ra2 a5 19. Rfa1 Kh8 20. b4 axb4 21.
Rxa8 Bxa8 22. cxb4 Ne6 23. g3 Qb8 24. b5 Bd8 25. Nce3 Nd4 26. Qa2 Bg5 27. b6
Bxe3 28. fxe3 Nf3+ 29. Kg2 Ng5 30. Qb1 Qc8 31. Be2 f5 32. Ba6 Qe8 33. b7 Qh5
34. Qd1 Qh3+ 35. Kh1 Bxb7 36. Bxb7 fxe4 37. Qe2 h6 38. Nc3 Qf5 39. Qg2 Qd7 40.
Bxe4 Qc7 41. Ne2 Qb6 42. h4 Ne6 43. Rf1 Qxe3 44. Bd5 Re8 45. Rf3 Qd2 46. Bxe6
Rxe6 47. Rf8+ 1-0

[Event "Bundesliga 9596"]
[Site "Deutschland"]
[Date "1995.??.??"]
[Round "?.7"]
[White "Schlingensiepen, Christian"]
[Black "Andresen, Steffen"]
[Result "1/2-1/2"]
[WhiteElo "2295"]
[BlackElo "2385"]
[PlyCount "85"]
[EventDate "1995.10.??"]
[EventType "team"]
[EventRounds "15"]
[EventCountry "GER"]
[SourceTitle "Bundesliga 9596"]
[Source "DeepChess"]
[SourceDate "2005.01.01"]
[SourceVersion "1"]
[SourceVersionDate "2005.01.01"]
[SourceQuality "1"]
[WhiteTeam "SK Passau 1869"]
[BlackTeam "Dresdner SC 1898"]
[WhiteTeamCountry "GER"]
[BlackTeamCountry "GER"]

1. e4 c5 2. d3 Nc6 3. Nc3 g6 4. g3 Bg7 5. Bg2 e6 6. Be3 d6 7. Qd2 Nd4 8. Nd1
Ne7 9. c3 Ndc6 10. Bh6 O-O 11. h4 f6 12. Bxg7 Kxg7 13. Ne3 d5 14. Ne2 d4 15.
cxd4 cxd4 16. Nc4 b5 17. Na3 Rb8 18. h5 g5 19. f4 gxf4 20. gxf4 e5 21. Bh3 Qa5
22. Qxa5 Nxa5 23. Rc1 Nac6 24. h6+ Kh8 25. Bxc8 Rfxc8 26. Kd2 Rg8 27. Rc5 a6
28. Rhc1 Rbc8 29. Nc2 b4 30. Ne1 Rg6 31. Nf3 Rxh6 32. fxe5 fxe5 33. Nxe5 Nxe5
34. Rxc8+ Nxc8 35. Rxc8+ Kg7 36. Nxd4 Rh3 37. Nf5+ Kf6 38. d4 Nd3 39. Rc6+ Kg5
40. Ne3 Nxb2 41. Nd5 Rh2+ 42. Ke3 Nd1+ 43. Kd3 1/2-1/2

[Event "Bundesliga 9596"]
[Site "Deutschland"]
[Date "1995.??.??"]
[Round "?.8"]
[White "Heinatz, Thomas"]
[Black "Linhart, Wolfgang"]
[Result "1-0"]
[WhiteElo "2345"]
[BlackElo "2165"]
[PlyCount "81"]
[EventDate "1995.10.??"]
[EventType "team"]
[EventRounds "15"]
[EventCountry "GER"]
[SourceTitle "Bundesliga 9596"]
[Source "DeepChess"]
[SourceDate "2005.01.01"]
[SourceVersion "1"]
[SourceVersionDate "2005.01.01"]
[SourceQuality "1"]
[WhiteTeam "Dresdner SC 1898"]
[BlackTeam "SK Passau 1869"]
[WhiteTeamCountry "GER"]
[BlackTeamCountry "GER"]

1. e4 c5 2. Nf3 e6 3. d4 cxd4 4. Nxd4 Nc6 5. Nc3 Qc7 6. g3 a6 7. Bg2 Nf6 8. O-O
Nxd4 9. Qxd4 Bc5 10. Bf4 d6 11. Qd2 h6 12. Rad1 e5 13. Be3 Ke7 14. f4 Be6 15.
fxe5 dxe5 16. Nd5+ Bxd5 17. exd5 Kd6 18. b4 Bxe3+ 19. Qxe3 a5 20. Rf5 Rhe8 21.
Qf3 Qb6+ 22. Kh1 Kd7 23. a3 axb4 24. axb4 Qxb4 25. Qf1 Qc5 26. Rb1 Ra7 27. h3
Ke7 28. Rxe5+ Kf8 29. Rf5 Qd6 30. Qf2 Ra3 31. Rxb7 Qxg3 32. Qxg3 Rxg3 33. d6
Re2 34. Rb8+ Re8 35. Rfb5 Rge3 36. c4 Re1+ 37. Kh2 g6 38. c5 Kg7 39. Rxe8 Rxe8
40. Rb1 Rd8 41. c6 1-0

[Event "Bundesliga 9596"]
[Site "Deutschland"]
[Date "1996.??.??"]
[Round "?.2"]
[White "Teske, Henrik"]
[Black "Hodgson, Julian M"]
[Result "0-1"]
[WhiteElo "2510"]
[BlackElo "2615"]
[PlyCount "91"]
[EventDate "1995.10.??"]
[EventType "team"]
[EventRounds "15"]
[EventCountry "GER"]
[SourceTitle "Bundesliga 9596"]
[Source "DeepChess"]
[SourceDate "2005.01.01"]
[SourceVersion "1"]
[SourceVersionDate "2005.01.01"]
[SourceQuality "1"]
[WhiteTeam "Dresdner SC 1898"]
[BlackTeam "SK Zaehringen 1921"]
[WhiteTeamCountry "GER"]
[BlackTeamCountry "GER"]

1. c4 e5 2. Nc3 d6 3. g3 Nc6 4. Bg2 g6 5. e3 Bg7 6. Nge2 h5 7. d4 exd4 8. Nxd4
Nge7 9. O-O h4 10. b3 hxg3 11. hxg3 Bh3 12. Bb2 Bxg2 13. Kxg2 Qd7 14. Nxc6 Qh3+
15. Kf3 Nxc6 16. Rh1 Ne5+ 17. Ke2 Qg4+ 18. Kd2 Nf3+ 19. Kc2 Rxh1 20. Qxh1 Qf5+
21. Kc1 Kd7 22. Nd5 Rh8 23. Qf1 Ne5 24. Bxe5 Bxe5 25. Rb1 Qf3 26. Kd2 Rh2 27.
Kd3 c6 28. Nf4 Bxf4 29. gxf4 Rxf2 30. Qd1 Qxd1+ 31. Rxd1 Rxa2 32. Rh1 a5 33.
Rh7 Ke6 34. Rh8 a4 35. bxa4 Ra3+ 36. Kd4 Rxa4 37. Re8+ Kd7 38. Rf8 Ke7 39. Rc8
b5 40. Rxc6 Rxc4+ 41. Rxc4 bxc4 42. Kxc4 Ke6 43. Kd4 f6 44. Ke4 g5 45. Kf3 Kd5
46. fxg5 0-1